| 000 | 00827cam a22002412 4500 | ||
|---|---|---|---|
| 001 | 0000000753 | ||
| 005 | 20151217145721.0 | ||
| 008 | 070216s xx 000 0 eng d | ||
| 020 |
_a0060600640 : _cKES 2,699 |
||
| 040 |
_aKABU _cKABU |
||
| 050 | 0 |
_aBS895 _b.A24 |
|
| 130 | 0 |
_aBible. _pO.T. _@0000149082 |
|
| 245 | 1 | 4 |
_aThe Dead Sea scrolls Bible : _bthe oldest known Bible translated for the first time into English [by] Martin Abegg, Peter Flint and Eugene Ulrich. |
| 260 |
_aNew York : _bHarper Collins, _c1999. |
||
| 300 | _a649 p. | ||
| 630 | 0 | 0 |
_aBible. _lHebrew. _pO.T. _sDead Sea scrolls. _@0000149083 |
| 700 | 1 |
_aAbegg, Martin. _@0000149084 |
|
| 700 | 1 |
_aFlint, Peter. _@0000149085 |
|
| 700 | 1 |
_aUlrich, Eugene. _@0000149086 |
|
| 908 | _a070216 | ||
| 950 | _@1 | ||
| 999 |
_c1851 _d1851 |
||